Leader xxxxxxxxxx
001 __ PCLIS00042893
005 __ 20220912132354.0
010 0_ |a978-986-12-0175-7|b平裝|dNT$280
100 __ |a20101028d2010 m y0chiy09 e
101 0_ |achi
102 __ |atw
105 __ |aa t 000cy
200 1_ |a接接在日本|f接接(JaeJae)圖.文
205 __ |a初版
210 __ |a臺北市|c商周出版|c家庭傳媒城邦分公司發行|d2010[民99]
215 0_ |a201面|c彩圖|d22公分
225 1_ |aColorful|v27
300 __ |a封面及書背副題名: 台灣、日本大不同!
300 __ |a本館最新館藏為2016年25刷
517 _1 |a台灣、日本大不同!|zchi
517 _1 |a台灣.日本大不同!|zchi
681 __ |a855|b844
681 __ |a855|b844 v.1
700 _0 |a接接|c(Jae Jae)|4圖.文
801 _0 |atw|b內湖高中|c20101028|gCCR
801 _1 |atw|b內湖高中|c20161124|gCCR
801 _2 |atw|b內湖高中|c20220912|gCCR
|